01696nam a2200433 i 4500001000700000003000800007005001700015006001900032007001500051008004100066020002700107020001800134035002200152040003100174050002100205080000800226082001900234245008600253250002300339264004900362300004100411336003100452337003300483338004300516500002200559504002900581588012300610590015900733630001200892650004100904650005100945650004600996650005501042655002701097700003701124797001901161856006301180999001901243122393FlNmELB20241217175428.0m o d | cr cnu||||||||170516s2012 sp ob 001 0 spa d a9788473605359 (e-book) z9788473605205 a(OCoLC)1009100143 aFINmELBbspaerdacFINmELB 4aQA297bC977 2012 a5170 a518.02855322300aCurso básico de programación en MATLAB /cAntonio Souto Iglesias [y otros 3]. aSegunda edición. 1a[Madrid] :bEditorial Tébar Flores,c2012. a1 recurso en línea (230 páginas) atextobtxt2rdacontent/spa acomputadorabc2rdamedia/spa arecurso en líneabcr2rdacarrier/spa aIncluye índice. aContiene bibliografía. aDescripción basada en recurso en línea; Título de la página del título en PDF (e-libro, visto May 16, 2017). aRecurso electronico. Santa Fe, Arg. : e-libro, 2016. Disponible via World Wide Web. El acceso puede ser limitado para las bibliotecas afiliadas a e-libro.00aMATLAB. 0aNumerical analysisxData processing. 4aAnálisis numéricoxProcesamiento de datos. 0aEngineering mathematicsxData processing. 4aIngeniería matemáticaxProcesamiento de datos. 4aLibros electrónicos.1 aSouto Iglesias, Antonio,eautor.2 ae-libro, Corp.40uhttps://elibro.net/ereader/politecnicointernacional/100533 c122393d122393